Football - Ils ont joué pour les 2 Olympiques ! (OM et OL) - Statistiques

Statistiques générales
  • Ce quiz a été pris 85 fois
  • Le résultat moyen est 11 sur 20
Statistiques - réponses
Poste Années à l'OM Années à l'OL Nationalité Indice Réponse % Correct
Milieu offensif 2006-2014 2015-2017 Française Petit Vélo Mathieu Valbuena
99%
Attaquant 2016-2017 2009-2014 Française La panthère Bafétimbi Gomis
93%
Milieu offensif/Attaquant 2025- actuel 2017-2020 Française/Algérienne Passé par Nice et Rennes Amine Gouiri
91%
Défenseur central 2018-2022 2023-actuel Croate Finaliste du mondial 2018 Duje Caleta-Car
87%
Milieu offensif/Attaquant 2008-2011 2004-2008 Française Génération 87 Hatem Ben Arfa
87%
Milieu de terrain 2022-2024 2024-2025 Française Passé par la Roma Jordan Veretout
80%
Défenseur/ arrière gauche 2011-2015 2015-2019 Française/Malgache A joué pour l'équipe nationale de Madagascar Jérémy Morel
75%
Milieu offensif 1987-1993 1993-1994 Ghanéenne Vrai nom "Ayew" Abedi Pelé
70%
Attaquant 1993-1994 1999-2003 Brésilienne 3 fois meilleur buteur du championnat de France Sonny Anderson
61%
Gardien 1990-1993 1993-1997 Française Corse Pascal Olmeta
51%
Défenseur 1966-1970 1958-1966 Française Père du "Snake" Jean Djorkaeff
43%
Milieu défensif 2004-2005 2005-2006 Française Formé à Sochaux Benoit Pedretti
42%
Milieu de terrain 1996-1999 1993-1996 Française Il a amené les Brestois en Ligue des Champions Eric Roy
41%
Attaquant 2004-2007 2001-2004 Française 5 saisons au PSG (2007-2012) Peguy Luyindula
38%
Attaquant 2010-2013 2006-2008 Française A aussi joué à Chelsea Loïc Rémy
35%
Arrière droit 1989-1993 puis 1995-1996 1993-1995 Française A été le recordman de sélections avec le maillot bleu (82 sélections) Manuel Amoros
32%
Attaquant 2009 2004-2007 Française Champion de France 99 avec les Girondins Sylvain Wiltord
32%
Attaquant 1998-2002 1992-1997 Française 1 saison au PSG entre ses passages dans les 2 Olympiques Florian Maurice
23%
Milieu Défensif 1989-1991 1978-1981 Française Né à Bamako Jean Tigana
17%
Attaquant 2003-2005 2000-2001 Française 4 belles saisons à Auxerre (1996-2000) Steve Marlet
12%
Aucun quiz correspondant
Distribution des résultats
% des personnes avec chaque résultat
Percentile par nombre de réponses
Votre historique - résultats
Vous n’avez pas pris ce quiz